000 00670nam a22002057a 4500
003 NUST-PNEC
005 20170116180947.0
008 140426b xxu||||| |||| 00| 0 eng d
020 _a0071133380
020 _a0070612935
040 _cPNEC
082 _a621.319 GRA
100 _955
_aGrainger, John J.
245 _aPower system analysis
_cJohn J. Grainger
260 _aSingapore
_bMcGraw Hill
_cc.1994.
300 _axi, 787 p. :
_bill. :
_c24 cm.
500 _aIncludes index. http://www.amazon.com/Power-System-Analysis-Energy/dp/0071133380/ref=sr_1_1?s=books&ie=UTF8&qid=1398512614&sr=1-1&keywords=0071133380
650 _xEE, EL
942 _2ddc
_cBK
999 _c66330
_d66330